Normal view
MARC view
- Ahmed Awan ,Naeem
Entry Personal Name
001 - CONTROL NUMBER
- control field: 122345
003 - CONTROL NUMBER IDENTIFIER
- control field: NUST
005 - DATE AND TIME OF LATEST TRANSACTION
- control field: 20240416151815.0
008 - FIXED-LENGTH DATA ELEMENTS
- fixed length control field: 240416|| aca||aabn | a|a d
040 ## - CATALOGING SOURCE
- Original cataloging agency: NUST
- Transcribing agency: NUST
100 ## - HEADING--PERSONAL NAME
- Personal name: Ahmed Awan ,Naeem
670 ## - SOURCE DATA FOUND
- Source citation: Work cat.: (NUST): Ahmed Awan ,Naeem , Investigation of Machinability of Composite Materials /
